| 000 -LEADER |
| fixed length control field |
00545nam a2200217Ia 4500 |
| 001 - CONTROL NUMBER |
| control field |
1045 |
| 003 - CONTROL NUMBER IDENTIFIER |
| control field |
GE_BSU |
| 008 - FIXED-LENGTH DATA ELEMENTS--GENERAL INFORMATION |
| fixed length control field |
181216s||||||||xx |||||||||||||| ||und|| |
| 020 ## - INTERNATIONAL STANDARD BOOK NUMBER |
| International Standard Book Number |
5827500216 |
| 040 ## - CATALOGING SOURCE |
| Transcribing agency |
GE_BSU |
| 080 ## - UNIVERSAL DECIMAL CLASSIFICATION NUMBER |
| Universal Decimal Classification number |
681.3.066 |
| 100 ## - MAIN ENTRY--PERSONAL NAME |
| Personal name |
Сайлер,Брайн,Джефф Спотс |
| 245 ## - TITLE STATEMENT |
| Title |
Использование Visual Basic 6 |
| 260 ## - PUBLICATION, DISTRIBUTION, ETC. |
| Place of publication, distribution, etc. |
Москва |
| 260 ## - PUBLICATION, DISTRIBUTION, ETC. |
| Name of publisher, distributor, etc. |
Вильямс |
| 260 ## - PUBLICATION, DISTRIBUTION, ETC. |
| Date of publication, distribution, etc. |
1999 |
| 300 ## - PHYSICAL DESCRIPTION |
| Extent |
830стр. |
| 653 ## - INDEX TERM--UNCONTROLLED |
| Uncontrolled term |
Использование Visual Basic |
| 942 ## - ADDED ENTRY ELEMENTS (KOHA) |
| Koha item type |
წიგნი |